• 首页
  • 本馆介绍
  • 公告通知
  • 最新文献
  • 馆藏检索
  • 电子资源
  • 读者导购
  • 参考咨询
  • 我的图书馆
  • 登录
  • 详细信息显示
  • 放入我的书架
  • 预约/预借图书
  • 作者相关作品
  • 分类相关作品
  • 丛书相关作品
  • 出版社相关作品

书目信息

  • 表格格式
  • 工作单格式
  • 卡片格式
题名:
电视与新媒体品牌经营
    
 
作者: 支庭荣 , 章于炎 , 肖斌 著
分册:  
出版信息: 北京   中国人民大学出版社  2007
页数: 235页
开本: 24cm
丛书名: 中外传媒品牌经营丛书
单 册:
中图分类: J943 , G219.2
科图分类:
主题词: 电视节目--市场营销学--研究--中国 , 传播媒介--市场营销学--研究--中国 , 电视节目 , 市场营销学 , 传播媒介
电子资源:
ISBN: 978-7-300-08323-0
000 01141oam2 2200337 450
001 003627826
005 20091207085118.31
010    @a978-7-300-08323-0@dCNY28.00
100    @a20070327d2007 em y0chiy0110 ea
101 0  @achi
102    @aCN@b110000
105    @aa z 000yy
106    @ar
200 1  @a电视与新媒体品牌经营@9dian shi yu xin mei ti pin pai jing ying@f支庭荣,章于炎,肖斌著
210    @a北京@c中国人民大学出版社@d2007
215    @a235页@c图@d24cm
225 2  @a中外传媒品牌经营丛书
330    @a本书从众多的电视与新媒体品牌经典案例入手,对电视与新媒体品牌规划、品牌识别、品牌营销、品牌资产管理和品牌价值评估等电视与新媒体的品牌经营问题,进行梳理、分析和探究。
461  0 @12001 @a中外传媒品牌经营丛书
606 0  @a电视节目@x市场营销学@x研究@y中国
606 0  @a传播媒介@x市场营销学@x研究@y中国
606 0  @a电视节目
606 0  @a市场营销学
606 0  @a传播媒介
690    @aJ943@v4
690    @aG219.2@v4
701  0 @a支庭荣@9zhi ting rong@4著
701  0 @a章于炎@9zhang yu yan@4著
701  0 @a肖斌@9xiao bin@c(报业)@4著
801  0 @aCN@bNLC@c20091207
905    @b20795731-35@dJ943@e226@f5
    
    电视与新媒体品牌经营/支庭荣,章于炎,肖斌著.-北京:中国人民大学出版社,2007
    235页:图;24cm.-(中外传媒品牌经营丛书)
    
    
    ISBN 978-7-300-08323-0:CNY28.00
    本书从众多的电视与新媒体品牌经典案例入手,对电视与新媒体品牌规划、品牌识别、品牌营销、品牌资产管理和品牌价值评估等电视与新媒体的品牌经营问题,进行梳理、分析和探究。
●
相关链接 在E读中查询图书 在五车中查询图书 在当当中查询图书 在豆瓣中查询图书


正题名:电视与新媒体品牌经营     索取号:J943/226         预约/预借

序号 登录号 条形码 馆藏地/架位号 状态 备注
1 795731   207957317   第一样本阅览室/ [索取号:J943/226] 在馆    
2 795732   207957326   第一借阅区/ [索取号:J943/226] 在馆    
3 795733   207957335   第一借阅区/ [索取号:J943/226] 在馆    
4 795734   207957344   第一借阅区/ [索取号:J943/226] 在馆    
5 795735   207957353   中文系资料室/ [索取号:J943/226] 在馆    
唐山师范学院图书馆 欢迎您!
大连网信软件有限公司© 版权所有